| 000 | 00360nam a2200133Ia 4500 | ||
|---|---|---|---|
| 008 | 191014s9999 xx 000 0 und d | ||
| 020 | _a978-0-07-063660-6 | ||
| 082 |
_a515.2433 _bBRO |
||
| 100 |
_aJamdes Ward Brown _920397 |
||
| 245 | 0 | _aFourier Series and Boundry Value Problems | |
| 260 |
_aIndia _bMcGraw-Hill _c2008 |
||
| 300 | _aXvi,366 | ||
| 942 | _cBK | ||
| 999 |
_c530977 _d530977 |
||